Tips of vastu-fengshui/ (Record no. 147379)
[ view plain ]
| 000 -LEADER | |
|---|---|
| fixed length control field | 00589nam a22001817a 4500 |
| 005 - DATE AND TIME OF LATEST TRANSACTION | |
| control field | 20171114095601.0 |
| 010 ## - LCCN (DPL NO) | |
| LC control number | ENG-121374 |
| 020 ## - INTERNATIONAL STANDARD BOOK NUMBER | |
| Terms of availability | 100.00 |
| International Standard Book Number | 9788188741649 |
| 035 ## - SYSTEM CONTROL NUMBER | |
| System control number | EN-104906 |
| 037 ## - SOURCE OF ACQUISITION | |
| Source of stock number/acquisition | DBAD/PUB |
| 082 ## - DEWEY DECIMAL CLASSIFICATION NUMBER | |
| Classification number | 133.323 |
| 100 ## - MAIN ENTRY--PERSONAL NAME | |
| Personal name | Sharma Shrotriya,Bhaskar |
| 245 ## - TITLE STATEMENT | |
| Title | Tips of vastu-fengshui/ |
| Statement of responsibility, etc | by Bhaskar Sharma Shrotriya, |
| 260 ## - PUBLICATION, DISTRIBUTION, ETC. (IMPRINT) | |
| Place of publication, distribution, etc | Jaipur |
| Name of publisher, distributor, etc | Rastriya Sanskrit Sahitya Kendra |
| Date of publication, distribution, etc | 2012 |
| 270 ## - ADDRESS | |
| Address | 222,Bihariji Ki Gali,Sonkhiyo ka Rasta,Kishanpol Bazar,Jaippur |
| City | Jaipur |
| 300 ## - PHYSICAL DESCRIPTION | |
| Extent | 88p. : |
| Dimensions | 22cm(pbk) |
| Other physical details | ill. |
| 942 ## - ADDED ENTRY ELEMENTS (KOHA) | |
| Source of classification or shelving scheme | Dewey Decimal Classification |
| Item type | English Books |
| Call number suffix | SHR |
| Classification part | 133.323 |
| Withdrawn status | Lost status | Not for loan | Collection code | Home library | Current library | Date acquired | Source of acquisition | Cost, normal purchase price | Full call number | Barcode | Copy number | Cost, replacement price | Koha item type |
|---|---|---|---|---|---|---|---|---|---|---|---|---|---|
| Not For Loan | Non-fiction | D.B.Act.Division | D.B.Act.Division | 14/11/2017 | DBAD/PUB | 100.00 | 133.323 SHR | EN-104906 | 1 | 100.00 | English Books |
